Statistics for 与中国接壤的国家

Click here to take the quiz!

General Stats

  • This quiz has been taken 344 times
  • The average score is 13 of 14

Answer Stats

边界长度 (千米)国家% Correct
4,677蒙古
99%
3,645俄罗斯
99%
1,281越南
97%
3,380印度
96%
2,185缅甸
95%
1,533哈萨克斯坦
92%
1,236尼泊尔
91%
523巴基斯坦
91%
423老挝
91%
858吉尔吉斯斯坦
89%
470不丹
86%
414塔吉克斯坦
86%
76阿富汗
82%
1,416朝鲜
75%

Score Distribution

Percentile by Number Answered

Percent of People with Each Score

Your Score History

You have not taken this quiz